| 000 | 00511nam a2200193Ia 4500 | ||
|---|---|---|---|
| 000 | nam a22 i 4500 | ||
| 001 | UNACH-13782 | ||
| 007 | ta | ||
| 008 | 221212s ||||fr|||| 00| | spa d | ||
| 041 | 0 | _aspa | |
| 082 | 0 | 4 |
_a050 _bPublicaciones seriadas generales |
| 100 | 1 |
_aPAZ OCTAVIO, 0, _eautor |
|
| 245 | 1 | 0 | _aLOS SIGNOS DE ROTACIÓN Y OTROS ENSAYOS |
| 336 |
_atexto _btxt _2rdacontent |
||
| 337 |
_ano mediado _bn _2rdamedia |
||
| 338 |
_avolumen _bnc _2rdacarrier |
||
| 942 |
_2ddc _c1 _n0 |
||
| 999 |
_c10330 _d10330 |
||